000 00208 a2200097 4500
001 48314
100 _aGowers, E
245 _aA life for a life
260 _aLondon
_bChatto windus
_c
090 _c31264
_d31264
942 _aNUST-CAE
_cM
_c23630
999 _c283387
_d283387